000 00202 a2200097 4500
020 _a9788434817425
041 _aspa
100 _aTerry Jennings
245 _aEl joven investigador Alimentos
942 _cK
999 _c27153
_d27153